[Event "Level op-A 8th"]
[Site "Level"]
[Date "2022.09.10"]
[Round "5"]
[White "Steiner, Botond"]
[Black "Borzsei, Andras"]
[Result "1/2-1/2"]
[WhiteElo "1778"]
[BlackElo "1949"]
[PlyCount "53"]
[EventDate "2022.09.09"]
[EventType "swiss"]
[EventRounds "7"]
[EventCountry "HUN"]
[SourceTitle "EXT 2023"]
[Source "ChessBase"]
[SourceDate "2022.10.05"]
[SourceVersion "1"]
[SourceVersionDate "2022.10.05"]
[SourceQuality "1"]

1. e4 c5 2. c3 d5 3. exd5 Qxd5 4. d4 Nf6 5. Nf3 e6 6. Be2 Nc6 7. Na3 Qd8 8. Nc2 b6 9. 0-0 Bb7 10. Bg5 Be7 11. h3 Qc7 12. Re1 Rd8 13. Qc1 Qb8 14. Bf4 Qa8 15. a4 cxd4 16. cxd4 0-0 17. b3 Nb4 18. Ne3 Nbd5 19. Nxd5 Nxd5 20. Bd2 Nb4 21. Qb2 Rc8 22. Rac1 Bd5 23. Red1 Qb7 24. Ne1 Rfd8 25. f3 h6 26. Nd3 Nxd3 27. Bxd3 1/2-1/2

[Event "Level op-A 8th"]
[Site "Level"]
[Date "2022.09.09"]
[Round "2"]
[White "Margl, Roland"]
[Black "Borzsei, Andras"]
[Result "1-0"]
[WhiteElo "2312"]
[BlackElo "1949"]
[PlyCount "119"]
[EventDate "2022.09.09"]
[EventType "swiss"]
[EventRounds "7"]
[EventCountry "HUN"]
[SourceTitle "EXT 2023"]
[Source "ChessBase"]
[SourceDate "2022.10.05"]
[SourceVersion "1"]
[SourceVersionDate "2022.10.05"]
[SourceQuality "1"]

1. Nf3 d5 2. d4 Nf6 3. c4 c6 4. Qc2 dxc4 5. Qxc4 Bg4 6. Nbd2 Nbd7 7. g3 e6 8. Bg2 Be7 9. Qb3 Qb6 10. Nc4 Qxb3 11. axb3 a6 12. Bf4 Bb4+ 13. Bd2 Bxd2+ 14. Nfxd2 Ke7 15. Na5 Rab8 16. Ndc4 Nd5 17. e4 Nc7 18. f4 f6 19. Kf2 Rhc8 20. b4 Nb5 21. Ne3 Bh5 22. Nb3 Bf7 23. Rad1 g6 24. e5 f5 25. Nc4 Rc7 26. Rd2 Rd8 27. Rhd1 Rg8 28. Bf3 h6 29. Nc1 Rd8 30. Ne2 Ra8 31. Ra1 Rb8 32. Nc3 Rd8 33. Nxb5 cxb5 34. Nd6 Rb8 35. Ke2 Nb6 36. Kd3 Be8 37. Rc2 Rxc2 38. Kxc2 Nd5 39. Bxd5 exd5 40. Rg1 h5 41. h3 Bd7 42. Kd3 Kd8 43. Rc1 Bc6 44. Ke3 Kc7 45. Kf3 Kb6 46. g4 fxg4+ 47. hxg4 h4 48. Rh1 Rh8 49. Nf7 Rh7 50. Ng5 Rh8 51. f5 gxf5 52. gxf5 Kc7 53. Kg4 Kd7 54. Rxh4 Rxh4+ 55. Kxh4 Ke7 56. f6+ Kf8 57. e6 b6 58. Kh5 a5 59. Kg6 Bb7 60. e7+ 1-0

[Event "HUN-chT Region CSB"]
[Site "Hungary"]
[Date "2022.01.15"]
[Round "4.1"]
[White "Kadi, Richard"]
[Black "Borzsei, Andras"]
[Result "1/2-1/2"]
[WhiteElo "1838"]
[BlackElo "1855"]
[PlyCount "57"]
[EventDate "2021.11.06"]
[EventType "team-swiss"]
[EventRounds "10"]
[EventCountry "HUN"]
[SourceTitle "EXT 2023"]
[Source "ChessBase"]
[SourceDate "2022.10.05"]
[SourceVersion "1"]
[SourceVersionDate "2022.10.05"]
[SourceQuality "1"]
[WhiteTeam "Gyor Szecheny II"]
[BlackTeam "Gyor Arrabona"]
[WhiteTeamCountry "HUN"]
[BlackTeamCountry "HUN"]

1. d4 d5 2. Nf3 Nf6 3. c4 c6 4. cxd5 cxd5 5. Nc3 Nc6 6. Bf4 Bf5 7. e3 e6 8. Bd3 Bxd3 9. Qxd3 Bd6 10. Bxd6 Qxd6 11. a3 0-0 12. 0-0 Na5 13. Ne5 Rfc8 14. Nb5 Qd8 15. Rac1 a6 16. Nc3 Nd7 17. Nxd7 Qxd7 18. Nb1 Rc7 19. Rc2 Rxc2 20. Qxc2 Rc8 21. Qe2 Qc7 22. Nc3 Nb3 23. g3 b5 24. Qd3 Qc6 25. Rd1 Qc4 26. Qxc4 Rxc4 27. Kf1 b4 28. axb4 Rxb4 29. Ke1 1/2-1/2

[Event "Tapolca Olympic Hopes"]
[Site "Tapolca"]
[Date "2021.06.26"]
[Round "5"]
[White "Matyassy, Lazar"]
[Black "Borzsei, Andras"]
[Result "1/2-1/2"]
[WhiteElo "2101"]
[BlackElo "1438"]
[PlyCount "92"]
[EventDate "2021.06.24"]
[EventType "swiss"]
[EventRounds "7"]
[EventCountry "HUN"]
[SourceTitle "CBM 203 Extra"]
[Source "ChessBase"]
[SourceDate "2021.09.30"]
[SourceVersion "1"]
[SourceVersionDate "2021.09.30"]
[SourceQuality "1"]

1. e4 c5 2. Nf3 e6 3. d4 cxd4 4. Nxd4 Nc6 5. Nc3 Qc7 6. g4 a6 7. h4 Bb4 8. Nxc6 bxc6 9. Qd4 Be7 10. g5 e5 11. Qc4 Rb8 12. Rg1 Bb4 13. Bd2 d6 14. 0-0-0 a5 15. Rg3 Qb7 16. Na4 Be6 17. Qa6 Qxa6 18. Bxa6 Ne7 19. c3 Bc5 20. Nxc5 dxc5 21. Be2 c4 22. h5 0-0 23. Be3 Rb5 24. a4 Rb7 25. Bc5 Re8 26. Bxe7 Rbxe7 27. Rd6 Rc7 28. Rg1 Kf8 29. Bg4 Ke7 30. Rdd1 Bxg4 31. Rxg4 Rb8 32. f4 Rcb7 33. Rd2 Rg8 34. f5 Rd7 35. Rgg2 Rxd2 36. Rxd2 Rd8 37. Rxd8 Kxd8 38. Kc2 f6 39. h6 gxh6 40. gxf6 h5 41. Kd2 Ke8 42. Ke3 Kf7 43. Kf3 Kxf6 44. Kg3 Kg5 45. Kh3 h4 46. Kg2 Kh5 1/2-1/2

[Event "Tapolca Olympic Hopes"]
[Site "Tapolca"]
[Date "2021.06.24"]
[Round "1"]
[White "Borzsei, Andras"]
[Black "Szikszai, Bertalan"]
[Result "0-1"]
[WhiteElo "1438"]
[BlackElo "2063"]
[PlyCount "60"]
[EventDate "2021.06.24"]
[EventType "swiss"]
[EventRounds "7"]
[EventCountry "HUN"]
[SourceTitle "CBM 203 Extra"]
[Source "ChessBase"]
[SourceDate "2021.09.30"]
[SourceVersion "1"]
[SourceVersionDate "2021.09.30"]
[SourceQuality "1"]

1. d4 Nf6 2. c4 g6 3. Nc3 d5 4. cxd5 Nxd5 5. Bd2 Bg7 6. e4 Nb6 7. Be3 0-0 8. Rc1 f5 9. exf5 Bxf5 10. g4 Be6 11. h3 Nc6 12. Nge2 Nd5 13. Bg5 Nxc3 14. Nxc3 Nxd4 15. Bg2 Bc4 16. b3 Ba6 17. Bd5+ Kh8 18. f3 c6 19. Be4 Qa5 20. Bd2 Qe5 21. Kf2 Rad8 22. Qe1 Bd3 23. Bxd3 Rxf3+ 24. Kg2 Rxd3 25. Bh6 Ne2 26. Bxg7+ Kxg7 27. Nxe2 Rd2 28. Kg1 Rxe2 29. Qc3 Rd1+ 30. Rxd1 Qxc3 0-1

[Event "Gyor Amateur op 19th"]
[Site "Gyor"]
[Date "2019.12.29"]
[Round "4"]
[White "Borzsei, Andras"]
[Black "Toth, Lili1111"]
[Result "1/2-1/2"]
[WhiteElo "1374"]
[BlackElo "1572"]
[PlyCount "63"]
[EventDate "2019.12.28"]
[EventType "swiss"]
[EventRounds "5"]
[EventCountry "HUN"]
[SourceTitle "CBM 195 Extra"]
[Source "ChessBase"]
[SourceDate "2020.05.31"]
[SourceVersion "1"]
[SourceVersionDate "2020.05.31"]
[SourceQuality "1"]

1. d4 Nf6 2. c4 e6 3. Nc3 Bb4 4. Nf3 0-0 5. Bg5 h6 6. Bh4 d5 7. Ne5 b6 8. Qb3 Bxc3+ 9. Qxc3 Bb7 10. f3 dxc4 11. Nxc4 Nbd7 12. e3 Qc8 13. Rc1 Nd5 14. Qd2 Qe8 15. Bd3 f5 16. 0-0 g5 17. Bg3 Rc8 18. e4 Ne7 19. h4 Qg6 20. hxg5 hxg5 21. Be5 Nc6 22. exf5 exf5 23. g4 Ne7 24. Ne3 c5 25. Bxf5 Nxf5 26. Nxf5 Rce8 27. Nd6 Rb8 28. Nf5 Rbe8 29. Bd6 Rxf5 30. gxf5 Qxd6 31. Qxg5+ Kf8 32. Rcd1 1/2-1/2

[Event "HUN-chT4 1718"]
[Site "Hungary"]
[Date "2018.02.17"]
[Round "6.3"]
[White "Gosztola, Zsolt"]
[Black "Borzsei, Andras"]
[Result "1-0"]
[WhiteElo "1279"]
[BlackElo "1398"]
[PlyCount "95"]
[EventDate "2017.10.28"]
[EventType "team-tourn"]
[EventRounds "9"]
[EventCountry "HUN"]
[SourceTitle "EXT 2020"]
[Source "ChessBase"]
[SourceDate "2019.10.17"]
[SourceVersion "1"]
[SourceVersionDate "2019.10.17"]
[SourceQuality "1"]

1. g4 d5 2. Bg2 Bxg4 3. c4 e6 4. Nc3 Nf6 5. Qb3 Qc8 6. cxd5 c6 7. dxc6 Nxc6 8. h3 Bh5 9. Qa4 Be7 10. Bxc6+ Qxc6 11. Qxc6+ bxc6 12. b3 0-0 13. Bb2 Nd5 14. 0-0-0 Rac8 15. Kb1 Rfd8 16. f3 Bb4 17. Kc2 Rd7 18. Ne4 Rcd8 19. Ng3 Bg6+ 20. Kc1 Ne3 21. d3 Nxd1 22. Kxd1 Bxd3 23. exd3 Rxd3+ 24. Kc2 f5 25. N1e2 Rxf3 26. Rg1 f4 27. Nh5 g6 28. Nhxf4 Rd2+ 29. Kc1 Rf2 30. a3 e5 31. axb4 exf4 32. Kxd2 f3 33. Kd1 fxe2+ 34. Ke1 Rh2 35. Bd4 a6 36. Rg3 Rh1+ 37. Bg1 Kg7 38. Kxe2 Kf6 39. Kf2 Kf5 40. Kg2 Kf4 41. Rc3 Rxg1+ 42. Kxg1 h5 43. Rxc6 g5 44. Kh2 g4 45. hxg4 hxg4 46. Kg2 Ke4 47. Rxa6 Kd4 48. b5 1-0